000 00480nam a2200205Ia 4500
008 150909s9999 xx 000 0 und d
041 _aEnglish
082 _a519
082 _bORL/MV
100 _aOrloci L
100 _eAuthor
245 _aMultivariate analysis in vegetation research
260 _aHague
260 _bDr W Junk B V Publishers
260 _c1978
300 _a451 Pages
365 _aRs.150
650 _aStastics
942 _cBK
999 _c229586
_d229586